000 00528nam a2200193 i 4500
001 52156
003 ES-MaACL
005 20251014063116.0
007 t|
008 030826s1959 xxk ||||1| eng d
100 1 _aChristie, Agatha,
_d1890-1976
_938657
245 1 0 _aHercule Poirot's /
_cAgatha Christie.
260 _aLondon :
_bCollins,
_c[1959]
300 _a187 p. ;
_c18 cm.
490 1 _aFontana Books
830 0 _aFontana Books
_9182370
852 _aES-MaACL
_jC-18770
_bR.46225
999 _c52156
_d52156